Normal view
MARC view
- Dr. Rana Iftikhar Ahmed.
Entry Personal Name
001 - CONTROL NUMBER
- control field: 19807
003 - CONTROL NUMBER IDENTIFIER
- control field: NUST
005 - DATE AND TIME OF LATEST TRANSACTION
- control field: 20190901115450.0
008 - FIXED-LENGTH DATA ELEMENTS
- fixed length control field: 190901|| aca||aabn | a|a d
040 ## - CATALOGING SOURCE
- Original cataloging agency: NUST
- Transcribing agency: NUST
100 ## - HEADING--PERSONAL NAME
- Personal name: Dr. Rana Iftikhar Ahmed.
670 ## - SOURCE DATA FOUND
- Source citation: Work cat.: (NUST): Hassan, Waleed 19806, odel Predictive Control for Electronic Governor Used in Micro Hydro Power Plant /, 2017.
